Trouvez le département de naissance de ces personnalités #8 - Statistiques

Statistiques générales
  • Ce quiz a été pris 7 fois
  • Le résultat moyen est 6 sur 15
Statistiques - réponses
Personnalités Département % Correct
Michel Platini, Georges de La Tour Moselle
83%
Michel Drucker, Georges Marchais Calvados
67%
Antoine Dupont, Ferdinand Foch Hautes-Pyrénées
67%
François Rabelais, Jacques Villeret Indre-et-Loire
67%
Pierre de Ronsard, Marie-Amélie Le Fur Loir-et-Cher
50%
Françoise Sagan, Pierre Poujade Lot
50%
Nostradamus, Charles Maurras Bouches-du-Rhône
33%
Cédric Villani, Éric Rohmer Corrèze
33%
Franck Ribéry, Philippe Le Bas Pas-de-Calais
33%
Joseph de Maistre, Yann Barthès Savoie
33%
Émile Durkheim, Jack Lang Vosges
33%
Jean-Loup Chrétien, Théodore Agrippa d'Aubigné Charente-Maritime
17%
Blaise Matuidi, Armand Marrast Haute-Garonne
17%
Henri II d'Angleterre, Emmanuel Moire Sarthe
17%
Paul Barras, Emmanuel-Joseph Sieyès Var
17%
Aucun quiz correspondant
Distribution des résultats
% des personnes avec chaque résultat
Percentile par nombre de réponses
Votre historique - résultats
Vous n’avez pas pris ce quiz